[Event "POR-ch Seniors"]
[Site "Lisbon"]
[Date "2007.03.26"]
[Round "2"]
[White "Figueiredo, Renato Freire"]
[Black "Santos, Jose Fernandes"]
[Result "1-0"]
[WhiteElo "1988"]
[BlackElo "1761"]
[PlyCount "87"]
[EventDate "2007.03.25"]
[EventType "swiss"]
[EventRounds "7"]
[EventCountry "POR"]
[SourceTitle "EXT 2018"]
[Source "ChessBase"]
[SourceDate "2017.10.13"]
[SourceVersion "1"]
[SourceVersionDate "2017.10.13"]
[SourceQuality "1"]

1. d4 Nf6 2. Nf3 e6 3. g3 b6 4. Bg2 Bb7 5. 0-0 Be7 6. c4 0-0 7. Nc3 d6 8. Qc2 Nbd7 9. b3 d5 10. Bb2 c5 11. Rad1 cxd4 12. Nxd4 Qc8 13. cxd5 exd5 14. Nf5 Bc5 15. Qb1 Re8 16. e3 Ne5 17. Nb5 Qd7 18. a4 a6 19. Nbd4 Rad8 20. Qc1 Rc8 21. Qd2 Rcd8 22. Kh1 a5 23. Bh3 Qc7 24. Rc1 Ne4 25. Qe2 Ng5 26. Bg2 Qd7 27. h4 Ne4 28. Bh3 Qc7 29. f4 Ng6 30. Rg1 Bc8 31. Nxg7 Bxh3 32. g4 Nxf4 33. Qf3 Nd2 34. Qg3 Ne4 35. Qh2 Bg2+ 36. Rxg2 Bd6 37. Rxc7 Bxc7 38. exf4 Re7 39. Ndf5 Ng3+ 40. Qxg3 Re4 41. Qc3 Bxf4 42. Ba3 Be5 43. Qd2 Bf4 44. Qd3 1-0

[Event "Belenenses op 2nd"]
[Site "Lisbon"]
[Date "2007.01.10"]
[Round "6"]
[White "Santos, Jose Fernandes"]
[Black "Bravo, Ricardo Antonio Rod"]
[Result "1-0"]
[WhiteElo "1738"]
[BlackElo "1743"]
[PlyCount "125"]
[EventDate "2006.12.28"]
[EventType "swiss"]
[EventRounds "7"]
[EventCountry "POR"]
[SourceTitle "EXT 2022"]
[Source "ChessBase"]
[SourceDate "2021.10.06"]
[SourceVersion "1"]
[SourceVersionDate "2021.10.06"]
[SourceQuality "1"]

1. d4 d5 2. c4 c6 3. Nc3 Nf6 4. Nf3 a6 5. a4 g6 6. e3 Bg7 7. Be2 Bg4 8. Ne5 Bxe2 9. Qxe2 Nbd7 10. Nf3 0-0 11. 0-0 Qc7 12. b3 dxc4 13. bxc4 e5 14. Qc2 Rfe8 15. Rb1 h5 16. h3 Rab8 17. Bd2 b5 18. axb5 axb5 19. cxb5 cxb5 20. Qb3 b4 21. Na2 exd4 22. exd4 Qb7 23. Qxb4 Qxb4 24. Rxb4 Rxb4 25. Nxb4 Rb8 26. Re1 Nb6 27. Nc6 Re8 28. Rxe8+ Nxe8 29. Bb4 Nd5 30. Ne7+ Nxe7 31. Bxe7 Nc7 32. Kf1 Nd5 33. Bc5 Bf8 34. Bxf8 Kxf8 35. g3 Ke7 36. Ke2 f6 37. Kd2 Ke6 38. Ne1 Kf5 39. f3 g5 40. Ng2 Ke6 41. Ne3 f5 42. Nxd5 Kxd5 43. Ke3 Kd6 44. h4 f4+ 45. gxf4 gxh4 46. f5 Ke7 47. Kf2 Kf6 48. Kg2 Kxf5 49. Kh3 Kg5 50. d5 Kf5 51. Kxh4 Ke5 52. Kxh5 Kxd5 53. f4 Ke6 54. Kg6 Ke7 55. f5 Kf8 56. Kf6 Kg8 57. Ke7 Kg7 58. f6+ Kg8 59. f7+ Kg7 60. f8Q+ Kh7 61. Qf1 Kg7 62. Qg1+ Kh7 63. Kf6 1-0

[Event "Belenenses op 2nd"]
[Site "Lisbon"]
[Date "2007.01.02"]
[Round "3"]
[White "Santos, Jose Fernandes"]
[Black "Placido, Maria Armanda Codea"]
[Result "0-1"]
[WhiteElo "1738"]
[BlackElo "1860"]
[PlyCount "101"]
[EventDate "2006.12.28"]
[EventType "swiss"]
[EventRounds "7"]
[EventCountry "POR"]
[SourceTitle "EXT 2022"]
[Source "ChessBase"]
[SourceDate "2021.10.06"]
[SourceVersion "1"]
[SourceVersionDate "2021.10.06"]
[SourceQuality "1"]

1. d4 e6 2. c4 d5 3. Nc3 Nf6 4. Bg5 Be7 5. e3 0-0 6. Bd3 dxc4 7. Bxc4 Nc6 8. Nf3 Nb4 9. a3 Nbd5 10. 0-0 a6 11. Ne5 Nxc3 12. bxc3 Ne4 13. Bxe7 Qxe7 14. Qc2 Nf6 15. Bd3 g6 16. h3 c5 17. a4 Nd7 18. f4 f6 19. Ng4 cxd4 20. cxd4 Nb6 21. Qb3 Qd6 22. f5 Kg7 23. fxg6 hxg6 24. Qc2 f5 25. Ne5 Nd5 26. Qd2 Nf6 27. Nc4 Qd8 28. Qb2 Rb8 29. Rf3 Bd7 30. Ne5 Be8 31. Rc1 Bxa4 32. Rg3 Be8 33. Qc3 Nh5 34. Rf3 Bf7 35. Nc4 Nf6 36. Ne5 Rc8 37. Qb2 Rxc1+ 38. Qxc1 Qc8 39. Qa1 Qc7 40. Rf1 Rc8 41. Rd1 Qc3 42. Qb1 Rc7 43. Nc4 a5 44. Nd6 Qb4 45. Qxb4 axb4 46. Kf2 Rd7 47. Nc4 Nd5 48. Rb1 Rc7 49. Kf3 Be8 50. e4 fxe4+ 51. Kxe4 0-1

[Event "Lisbon-ch Seniors"]
[Site "Lisbon"]
[Date "2006.02.24"]
[Round "3"]
[White "Santos, Norberto Fernandes"]
[Black "Santos, Jose Fernandes"]
[Result "0-1"]
[WhiteElo "1569"]
[BlackElo "1754"]
[PlyCount "76"]
[EventDate "2006.02.20"]
[EventType "swiss"]
[EventRounds "7"]
[EventCountry "POR"]
[SourceTitle "EXT 2008"]
[Source "ChessBase"]
[SourceDate "2007.11.25"]
[SourceVersion "1"]
[SourceVersionDate "2007.11.25"]
[SourceQuality "1"]

1. e4 e5 2. Nf3 Nf6 3. d4 Nxe4 4. Nxe5 d5 5. Nc3 Bb4 6. Qd3 0-0 7. Be3 Bf5 8. Bd2 g6 9. Be2 Nxf2 10. Qe3 Nxh1 11. 0-0-0 c6 12. Rxh1 Nd7 13. g4 Be6 14. h4 Nxe5 15. Qxe5 Bd6 16. Qg5 Qxg5 17. Bxg5 f5 18. Bh6 Rf7 19. h5 fxg4 20. Bd3 Bf5 21. Re1 Bxd3 22. cxd3 Bf4+ 23. Bxf4 Rxf4 24. hxg6 hxg6 25. Re7 Rf7 26. Re5 Kg7 27. Kc2 Rh8 28. Ne2 Rh2 29. Kc3 Rg2 30. a4 g3 31. Re3 Rff2 32. Kd2 Rh2 33. Re7+ Kh6 34. Re8 Kg5 35. Re5+ Kg4 36. Re3 Rxe2+ 37. Rxe2 Rxe2+ 38. Kxe2 Kh3 0-1

[Event "Lisbon Carris op 4th"]
[Site "Lisbon"]
[Date "2006.02.17"]
[Round "7"]
[White "Louro, Eugenio Diogo"]
[Black "Santos, Jose Fernandes"]
[Result "1/2-1/2"]
[WhiteElo "1871"]
[BlackElo "1754"]
[PlyCount "48"]
[EventDate "2006.02.02"]
[EventType "swiss"]
[EventRounds "7"]
[EventCountry "POR"]
[SourceTitle "EXT 2008"]
[Source "ChessBase"]
[SourceDate "2007.11.25"]
[SourceVersion "1"]
[SourceVersionDate "2007.11.25"]
[SourceQuality "1"]

1. e4 e5 2. Nf3 Nf6 3. Nc3 Nc6 4. Bc4 Be7 5. 0-0 0-0 6. d4 d6 7. d5 Nb8 8. h3 c6 9. Re1 b5 10. Bb3 Bb7 11. dxc6 Bxc6 12. Bg5 Nbd7 13. Qe2 h6 14. Bh4 a6 15. Rad1 Nc5 16. Bxf6 Bxf6 17. Bd5 Qc7 18. Bxc6 Qxc6 19. Nd5 Bd8 20. Qd2 Nb7 21. Nh2 Re8 22. Ng4 Re6 23. Qe2 Rc8 24. c3 Qe8 1/2-1/2

[Event "Werther Schloss op-B 11th"]
[Site "Werther"]
[Date "2005.03.20"]
[Round "5"]
[White "Brinkmann, Andrea"]
[Black "Santos, Jose Fernandes"]
[Result "1/2-1/2"]
[WhiteElo "1747"]
[BlackElo "1725"]
[PlyCount "45"]
[EventDate "2005.03.18"]
[EventType "swiss"]
[EventRounds "5"]
[EventCountry "GER"]
[SourceTitle "EXT 2006"]
[Source "ChessBase"]
[SourceDate "2005.11.24"]
[SourceVersion "1"]
[SourceVersionDate "2005.11.24"]
[SourceQuality "1"]

1. e4 c5 2. Nf3 d6 3. d3 g6 4. g3 Bg7 5. Bg2 Nf6 6. Nbd2 Nc6 7. 0-0 Bg4 8. h3 Bd7 9. c3 Rb8 10. Re1 Qc7 11. Nf1 e5 12. Nh4 Nh5 13. f4 exf4 14. gxf4 0-0 15. f5 Be5 16. Bh6 Rfe8 17. Qf3 Bf6 18. Qf2 Ne5 19. Rad1 Qd8 20. Nf3 Nxf3+ 21. Qxf3 Bg5 22. Bxg5 Qxg5 23. Qg4 1/2-1/2